000
00158 a2200085 4500
041
_a
eng
100
_a
Robert sanSouci
245
_a
The Little Ghost
942
_c
K
999
_c
27777
_d
27777